000 00583nam a2200181Ia 4500
003 GCL
008 140319s9999 xx 000 0 ara d
040 _aGCL /
_cGCL
082 0 4 _a811.009
_bك ش
100 1 _aكوثر بنت عبدالحليم بن محمد
245 1 0 _aالشعر ديوان العرب /
_cكوثر بنت عبدالحليم بن محمد
300 _a85 ص
490 _a
650 0 4 _aالشعر العربى
650 0 4 _aالشعر العربى - تاريخ ونقد
650 0 4 _aالشعر العربى - دواوين وقصائد
942 _2ddc
_cBK
999 _c52267
_d52267